| Tag |
First Indicator |
Second Indicator |
Subfields |
| LEADER |
00000cam a2200000 a 4500 |
| 001 |
in00000017139 |
| 005 |
20151007053406.0 |
| 008 |
870406s1987 nmuab b s00110 eng d |
| 035 |
|
|
|a (OCoLC)15494249
|
| 035 |
|
|
|9 AAB1494AM
|
| 040 |
|
|
|a IRU
|c IRU
|d m/c
|d TXA
|d UtOrBLW
|
| 049 |
|
|
|a TXAM
|c [A11097318]
|
| 050 |
|
4 |
|a QE143
|b .A26 no.42
|
| 100 |
1 |
|
|a Woodward, Lee A.
|
| 245 |
1 |
0 |
|a Geology and mineral resources of Sierra Nacimiento and vicinity, New Mexico /
|c by Lee A. Woodward.
|
| 264 |
|
1 |
|a Socorro :
|b New Mexico Bureau of Mines & Mineral Resources,
|c 1987.
|
| 300 |
|
|
|a 84 pages :
|b illustrations, maps (some color) ;
|c 28 cm.
|
| 336 |
|
|
|a text
|b txt
|2 rdacontent
|
| 337 |
|
|
|a unmediated
|b n
|2 rdamedia
|
| 338 |
|
|
|a volume
|b nc
|2 rdacarrier
|
| 490 |
1 |
|
|a Memoir / New Mexico Bureau of Mines & Mineral Resouces ;
|v 42
|
| 500 |
|
|
|a One folded col. map in pocket.
|
| 504 |
|
|
|a Bibliography: pages 75-79.
|
| 500 |
|
|
|a Includes index.
|
| 650 |
|
0 |
|a Geology
|z New Mexico
|z Nacimiento Mountains.
|
| 650 |
|
0 |
|a Mines and mineral resources
|z New Mexico
|z Nacimiento Mountains.
|
| 710 |
1 |
|
|a New Mexico.
|b Bureau of Mines and Mineral Resources.
|
| 830 |
|
0 |
|a Memoir (New Mexico. Bureau of Mines and Mineral Resources) ;
|v 42.
|
| 999 |
|
|
|a MARS
|
| 999 |
f |
f |
|s bd7617ed-1577-37a2-acb4-873b717713a8
|i 03f7a944-3382-3500-8b47-0db0a4edba30
|t 0
|
| 952 |
f |
f |
|p ric
|a Texas A&M University
|b Rellis Campus
|c Joint Library Facility
|s JLF
|d Remote Storage
|t 0
|e QE143 .A26 no.42
|h Library of Congress classification
|i unmediated -- volume
|m A14811097318
|
| 998 |
f |
f |
|a QE143 .A26 no.42
|t 0
|l Remote Storage
|